[Event "St Petersburg June op"]
[Site "St Petersburg"]
[Date "2008.06.29"]
[Round "9"]
[White "Ivanjuk, Alexey"]
[Black "Gaprindashvili, Nona1111"]
[Result "0-1"]
[WhiteElo "2131"]
[BlackElo "2046"]
[PlyCount "94"]
[EventDate "2008.06.21"]
[EventType "swiss"]
[EventRounds "9"]
[EventCountry "RUS"]
[SourceTitle "CBM 125 Extra"]
[Source "ChessBase"]
[SourceDate "2008.09.01"]
[SourceVersion "1"]
[SourceVersionDate "2008.09.01"]
[SourceQuality "1"]

1. d4 d5 2. Nf3 Nf6 3. c4 c6 4. Nc3 e6 5. Bg5 dxc4 6. e4 b5 7. e5 h6 8. Bh4 g5 9. Nxg5 hxg5 10. Bxg5 Nbd7 11. g3 Be7 12. exf6 Bxf6 13. Bxf6 Nxf6 14. Bg2 Qb6 15. a4 Bb7 16. a5 Qa6 17. Qf3 Ke7 18. 0-0 Rad8 19. Rfd1 Ba8 20. Qe2 Qc8 21. a6 Rd6 22. Qe5 Rxh2 23. Ne4 Rxg2+ 24. Kxg2 Nxe4 25. Qxe4 c5 26. d5 Bxd5 27. Rxd5 Rxd5 28. Qh4+ Kd7 29. Qf6 Qe8 30. Rh1 Rf5 31. Qc3 Ke7 32. g4 Qc6+ 33. f3 Rf4 34. Rh4 Rd4 35. Qe3 Qd5 36. Kg3 Qd6+ 37. Kh3 Rd2 38. Qg1 Qf4 39. Qxc5+ Kf6 40. g5+ Qxg5 41. Qxg5+ Kxg5 42. f4+ Kf6 43. Rh8 Rxb2 44. Ra8 Ra2 45. Rxa7 c3 46. Rc7 b4 47. a7 Rxa7 0-1

[Event "St Petersburg June op"]
[Site "St Petersburg"]
[Date "2008.06.28"]
[Round "8"]
[White "Yaksin, Oleg"]
[Black "Ivanjuk, Alexey"]
[Result "1-0"]
[WhiteElo "2273"]
[BlackElo "2131"]
[PlyCount "55"]
[EventDate "2008.06.21"]
[EventType "swiss"]
[EventRounds "9"]
[EventCountry "RUS"]
[SourceTitle "CBM 125 Extra"]
[Source "ChessBase"]
[SourceDate "2008.09.01"]
[SourceVersion "1"]
[SourceVersionDate "2008.09.01"]
[SourceQuality "1"]

1. d4 f5 2. Nf3 Nf6 3. g3 e6 4. Bg2 d5 5. c4 c6 6. b3 Bd6 7. 0-0 0-0 8. Ba3 b6 9. Bxd6 Qxd6 10. Nbd2 Nbd7 11. Qb1 Ba6 12. Rc1 c5 13. cxd5 exd5 14. Qxf5 Bxe2 15. Ne5 g6 16. Qg5 cxd4 17. Nxd7 Qxd7 18. Qe5 Rae8 19. Qxd4 Re7 20. Re1 Qf5 21. Nf1 Qe5 22. Qxe5 Rxe5 23. Ne3 d4 24. Rxe2 dxe3 25. Rxe3 Rxe3 26. fxe3 Ng4 27. Re1 Rc8 28. Bd5+ 1-0

[Event "St Petersburg June op"]
[Site "St Petersburg"]
[Date "2008.06.25"]
[Round "5"]
[White "Ivanjuk, Alexey"]
[Black "Pankov, German"]
[Result "0-1"]
[WhiteElo "2131"]
[BlackElo "2349"]
[PlyCount "112"]
[EventDate "2008.06.21"]
[EventType "swiss"]
[EventRounds "9"]
[EventCountry "RUS"]
[SourceTitle "CBM 125 Extra"]
[Source "ChessBase"]
[SourceDate "2008.09.01"]
[SourceVersion "1"]
[SourceVersionDate "2008.09.01"]
[SourceQuality "1"]

1. d4 d5 2. Nf3 Nf6 3. c4 c6 4. Nc3 dxc4 5. a4 Bf5 6. e3 e6 7. Bxc4 Bb4 8. 0-0 0-0 9. Qe2 Bg4 10. Rd1 Qa5 11. Bd2 Nbd7 12. e4 e5 13. d5 Nb6 14. Bb3 cxd5 15. exd5 Rfe8 16. h3 Bh5 17. g4 Bg6 18. Nh4 Rad8 19. Nxg6 hxg6 20. Qb5 Re7 21. Qxa5 Bxa5 22. Ne4 Bxd2 23. Nxf6+ gxf6 24. Rxd2 Nc8 25. Rc1 Nd6 26. f3 f5 27. Re1 e4 28. Rde2 Rde8 29. Kf2 f4 30. fxe4 Nxe4+ 31. Kg2 f3+ 32. Kxf3 Nd2+ 33. Rxd2 Rxe1 34. Bc4 R1e3+ 35. Kg2 Kg7 36. a5 Rh8 37. d6 Rexh3 38. Rd4 Rh2+ 39. Kf3 Rxb2 40. Ke4 Rd8 41. Kd5 Rb1 42. a6 Rb6 43. Ke5 bxa6 44. Rf4 Rd7 45. Rf6 a5 46. g5 a4 47. Kd5 Rd8 48. Kc5 Rc8+ 49. Kd5 Rf8 50. Kc5 a3 51. Rf3 Rc8+ 52. Kd5 Rxd6+ 53. Kxd6 Rxc4 54. Rxa3 Rg4 55. Ra5 Rf4 56. Rxa7 Rf5 0-1

[Event "Chigorin Memorial 13th"]
[Site "St Petersburg"]
[Date "2005.10.15"]
[Round "1"]
[White "Lintchevski, Daniil"]
[Black "Ivanjuk, Alexey"]
[Result "1-0"]
[WhiteElo "2423"]
[BlackElo "2127"]
[PlyCount "93"]
[EventDate "2005.10.15"]
[EventType "swiss"]
[EventRounds "9"]
[EventCountry "RUS"]
[SourceTitle "CBM 108 Extra"]
[Source "ChessBase"]
[SourceDate "2005.11.04"]
[SourceVersion "1"]
[SourceVersionDate "2005.11.04"]
[SourceQuality "1"]

1. e4 e6 2. d4 d5 3. Nc3 Nf6 4. e5 Nfd7 5. f4 c5 6. Nf3 Nc6 7. Be3 a6 8. Qd2 b5 9. dxc5 Bxc5 10. Bxc5 Nxc5 11. b4 Na4 12. Nxa4 bxa4 13. a3 0-0 14. Bd3 f5 15. c4 dxc4 16. Bxc4 Qxd2+ 17. Kxd2 h6 18. Ke3 Ra7 19. Rac1 Re7 20. Rhd1 Bb7 21. Rd6 Kf7 22. Bxa6 Bxa6 23. Rdxc6 Bb7 24. Rc7 Rfe8 25. Nd4 Bxg2 26. Nb5 Rxc7 27. Rxc7+ Kg6 28. Nd6 Rb8 29. Kd4 Rg8 30. b5 Kh5 31. b6 g5 32. Ke3 Kg4 33. b7 Rb8 34. Rc8 Rxb7 35. Nxb7 gxf4+ 36. Kf2 Bxb7 37. Rc4 Be4 38. Rxa4 f3 39. Ra6 Bd5 40. Rd6 Ba2 41. Rd2 Bb1 42. a4 Kf4 43. a5 Kxe5 44. a6 Be4 45. a7 Bc6 46. Rc2 Be4 47. Rc8 1-0